[Event "2. Bundesliga Mitte 2009/2010"]
[Site "Villach"]
[Date "2009.11.22"]
[Round "4"]
[Board "1"]
[White "Reichmann, Egon"]
[Black "Diermair, Andreas"]
[Result "1-0"]
[WhiteElo "2331"]
[BlackElo "2333"]
[PlyCount "107"]
[EventDate "2009.10.10"]
[EventType "team"]
[EventRounds "11"]
[EventCountry "AUT"]
[WhiteTeam "Admira Villach"]
[BlackTeam "Frauental"]

1.d4 Nf6 2.Nf3 d5 3.c4 c6 4.Nc3 e6 5.Bg5 h6 6.Bxf6 Qxf6 7.Qc2 dxc4 8.e4 b5 9.e5
Qd8 10.Be2 Bb7 11.O-O Be7 12.Qe4 Qb6 13.Qg4 O-O 14.Ne4 Nd7 15.Ng3 c5 16.Nh5 g6
17.Nf4 Be4 18.d5 Bxf3 19.Qxf3 Nxe5 20.Qe4 Bf6 21.dxe6 fxe6 22.Nxg6 Nxg6 23.Qxg6+
Bg7 24.Rad1 Rad8 25.Bg4 Rd4 26.f4 Rf6 27.Qe8+ Kh7 28.g3 b4 29.Rde1 Rd8 30.Qa4
Rd2 31.Re2 c3 32.Rxd2 cxd2 33.Qc2+ Kh8 34.Qxd2 c4+ 35.Kg2 Rf8 36.Qc2 c3 37.bxc3
bxc3 38.Rb1 Qe3 39.Rb7 Rd8 40.Qg6 Qd4 41.Bxe6 Qf6 42.Qxf6 Bxf6 43.Bb3 a5 44.Kf3
Re8 45.Kg4 Re7 46.Rxe7 Bxe7 47.Kf5 Kg7 48.g4 Bd8 49.g5 Be7 50.h4 Bd8 51.Kg4 Be7
52.f5 hxg5 53.hxg5 Bd8 54.f6+

[Event "2. Bundesliga Mitte 2009/2010"]
[Site "Villach"]
[Date "2009.11.22"]
[Round "4"]
[Board "2"]
[White "Cigan, Stefan"]
[Black "Perhinig, Robert"]
[Result "0-1"]
[WhiteElo "2371"]
[BlackElo "2287"]
[PlyCount "40"]
[EventDate "2009.10.10"]
[EventType "team"]
[EventRounds "11"]
[EventCountry "AUT"]
[WhiteTeam "Frauental"]
[BlackTeam "Admira Villach"]

1.d4 d5 2.Nf3 Nf6 3.e3 g6 4.Bd3 Bg7 5.O-O O-O 6.c3 b6 7.Nbd2 Bb7 8.b4 Nbd7 9.Qb3
Ne4 10.c4 dxc4 11.Nxc4 c5 12.Qc2 Nd6 13.bxc5 Nxc4 14.Bxc4 bxc5 15.Bb2 Bxf3
16.gxf3 cxd4 17.Rfd1 Ne5 18.Kg2 Rc8 19.Rxd4 Nxc4 20.Rxd8 Nxe3+

[Event "2. Bundesliga Mitte 2009/2010"]
[Site "Villach"]
[Date "2009.11.22"]
[Round "4"]
[Board "3"]
[White "Frank, Paul"]
[Black "Schnider, Gert"]
[Result "0-1"]
[WhiteElo "2287"]
[BlackElo "2322"]
[PlyCount "76"]
[EventDate "2009.10.10"]
[EventType "team"]
[EventRounds "11"]
[EventCountry "AUT"]
[WhiteTeam "Admira Villach"]
[BlackTeam "Frauental"]

1.Nf3 Nf6 2.g3 d5 3.d4 e6 4.Bg2 Be7 5.O-O O-O 6.c4 dxc4 7.Nc3 Nc6 8.e4 Rb8 9.e5
Nd5 10.Ne4 Ncb4 11.Ne1 f5 12.exf6 Nxf6 13.Ng5 e5 14.a3 Nc6 15.Qc2 Nxd4 16.Qxc4+
Kh8 17.Be3 h6 18.Bxd4 Qxd4 19.Nf7+ Kg8 20.Nxe5+ Qxc4 21.Nxc4 Be6 22.Ne3 Bc5
23.N1c2 c6 24.b4 Bb6 25.Rfe1 Rbe8 26.h3 Bb3 27.Rab1 Ba4 28.Rbc1 Ne4 29.Bxe4 Rxe4
30.Kg2 Rfe8 31.g4 Kf8 32.Kf3 g6 33.Re2 c5 34.Rce1 Bc6 35.Kg3 Bc7+ 36.f4 Rxf4
37.Kh4 g5+ 38.Kh5 Re6

[Event "2. Bundesliga Mitte 2009/2010"]
[Site "Villach"]
[Date "2009.11.22"]
[Round "4"]
[Board "4"]
[White "Schreiner, Peter"]
[Black "Frank, Dieter"]
[Result "1-0"]
[WhiteElo "2254"]
[BlackElo "2144"]
[PlyCount "101"]
[EventDate "2009.10.10"]
[EventType "team"]
[EventRounds "11"]
[EventCountry "AUT"]
[WhiteTeam "Frauental"]
[BlackTeam "Admira Villach"]

1.e4 e5 2.Nf3 Nc6 3.Bb5 a6 4.Ba4 Nf6 5.O-O Be7 6.Bxc6 dxc6 7.d3 Nd7 8.Nbd2 O-O
9.Nc4 f6 10.Nh4 Nc5 11.Nf5 Bxf5 12.exf5 Qd4 13.Be3 Qh4 14.f4 Bd6 15.fxe5 fxe5
16.Qe1 Qxe1 17.Raxe1 Nd7 18.Nd2 Nf6 19.Ne4 h6 20.h3 Rad8 21.g4 Nxe4 22.dxe4 Bb4
23.Rd1 Kf7 24.Kf2 Be7 25.Ke2 Rd6 26.Rd3 Rfd8 27.Rfd1 Bh4 28.Bc5 Rxd3 29.Rxd3
Rxd3 30.Kxd3 b6 31.Be3 Ke7 32.Ke2 Kd6 33.Bf2 Be7 34.c4 c5 35.a4 Kc6 36.b3 Kd6
37.Kf3 Bg5 38.h4 Bd8 39.Kg3 Ke7 40.Be1 c6 41.Bc3 Kd6 42.Bd2 Kd7 43.Kh3 a5 44.Bc1
Kd6 45.Bb2 Bf6 46.g5 hxg5 47.h5 Ke7 48.Kg4 Kf7 49.Bc1 Be7 50.Bxg5 Bf8 51.Bd8

[Event "2. Bundesliga Mitte 2009/2010"]
[Site "Villach"]
[Date "2009.11.22"]
[Round "4"]
[Board "5"]
[White "Bergen, Peter"]
[Black "Raffalt, Manfred"]
[Result "1/2-1/2"]
[WhiteElo "2160"]
[BlackElo "2136"]
[PlyCount "64"]
[EventDate "2009.10.10"]
[EventType "team"]
[EventRounds "11"]
[EventCountry "AUT"]
[WhiteTeam "Admira Villach"]
[BlackTeam "Frauental"]

1.d4 d5 2.Nf3 Nf6 3.c4 e6 4.Nc3 c6 5.e3 a6 6.a4 c5 7.Bd3 Nc6 8.O-O Be7 9.b3 O-O
10.Bb2 b6 11.Rc1 Bb7 12.Qe2 Nb4 13.Bb1 Rc8 14.Rfd1 Qc7 15.Ne5 Bd6 16.h3 Ne4
17.cxd5 exd5 18.Nxe4 dxe4 19.Nc4 Be7 20.dxc5 Bxc5 21.Nd6 f5 22.Nxc8 Qxc8 23.Qc4+
Kh8 24.Qc3 Rg8 25.a5 Qf8 26.axb6 Bxb6 27.Qe5 Qf7 28.Qd6 Ba5 29.Rc4 Nd5 30.Rxd5
Bxd5 31.Rc5 Rd8 32.Qe5 Bb6

[Event "2. Bundesliga Mitte 2009/2010"]
[Site "Villach"]
[Date "2009.11.22"]
[Round "4"]
[Board "6"]
[White "Fauland, Peter"]
[Black "Hafner, Robert"]
[Result "1/2-1/2"]
[WhiteElo "2248"]
[BlackElo "2110"]
[PlyCount "96"]
[EventDate "2009.10.10"]
[EventType "team"]
[EventRounds "11"]
[EventCountry "AUT"]
[WhiteTeam "Frauental"]
[BlackTeam "Admira Villach"]

1.d4 d5 2.Nf3 Nf6 3.c4 c6 4.Nc3 dxc4 5.a4 Bf5 6.Ne5 e6 7.e3 Nbd7 8.Nxd7 Qxd7
9.Bxc4 Bb4 10.Qb3 a5 11.O-O O-O 12.Rd1 Qe7 13.f3 Bg6 14.e4 e5 15.Be3 exd4
16.Bxd4 Nd7 17.Kh1 Kh8 18.Ne2 Nc5 19.Qe3 f6 20.Qf2 Bf7 21.Bxf7 Rxf7 22.Ng3 Nb3
23.Rab1 Nxd4 24.Qxd4 g6 25.f4 Rff8 26.b3 Rad8 27.Qb2 Kg8 28.Qe2 Bd6 29.Qf3 Qc7
30.Ne2 Bc5 31.Qc3 Bb6 32.h3 Rfe8 33.Rxd8 Qxd8 34.Qc4+ Kg7 35.b4 Qe7 36.bxa5 Bxa5
37.Ng3 Bd2 38.Rf1 Qa3 39.Kh2 Qb4 40.Qd3 Re7 41.Qd8 Rf7 42.Ne2 Be3 43.Qd3 Ba7
44.Ra1 Re7 45.Ng3 Bf2 46.Nh1 Ba7 47.Ng3 Bf2 48.Nh1 Ba7

[Event "2. Bundesliga Mitte 2009/2010"]
[Site "Villach"]
[Date "2009.11.22"]
[Round "4"]
[Board "1"]
[White "Skoberne, Jure"]
[Black "Parligras, Mircea"]
[Result "1/2-1/2"]
[WhiteElo "2509"]
[BlackElo "2551"]
[PlyCount "66"]
[EventDate "2009.10.10"]
[EventType "team"]
[EventRounds "11"]
[EventCountry "AUT"]
[WhiteTeam "ESV Austria Graz"]
[BlackTeam "Strassenbahn Graz"]

1.c4 c5 2.Nf3 g6 3.d4 cxd4 4.Nxd4 Nc6 5.e4 Nf6 6.Nc3 d6 7.Be2 Nxd4 8.Qxd4 Bg7
9.O-O O-O 10.Qd3 a5 11.f4 a4 12.Be3 Qa5 13.Rab1 Bg4 14.Bd4 Bxe2 15.Qxe2 Nd7
16.Bxg7 Kxg7 17.Nb5 Rfc8 18.Rfd1 Qb4 19.b3 axb3 20.axb3 Nf8 21.e5 dxe5 22.Qxe5+
Kg8 23.Qe4 Rd8 24.Rxd8 Rxd8 25.Qxb7 Rd3 26.g3 h5 27.Qe4 Rxb3 28.Rxb3 Qxb3
29.Qxe7 Qxc4 30.Nd6 Qc5+ 31.Kg2 Qc6+ 32.Kh3 Qd7+ 33.Qxd7 Nxd7

[Event "2. Bundesliga Mitte 2009/2010"]
[Site "Villach"]
[Date "2009.11.22"]
[Round "4"]
[Board "2"]
[White "Mohr, Georg"]
[Black "Kotz, Heinz Peter"]
[Result "1/2-1/2"]
[WhiteElo "2503"]
[BlackElo "2332"]
[PlyCount "51"]
[EventDate "2009.10.10"]
[EventType "team"]
[EventRounds "11"]
[EventCountry "AUT"]
[WhiteTeam "Strassenbahn Graz"]
[BlackTeam "ESV Austria Graz"]

1.g3 g6 2.Bg2 Bg7 3.d4 Nf6 4.Nf3 O-O 5.O-O d6 6.c4 Nbd7 7.Nc3 e5 8.Qc2 c6 9.Rd1
Re8 10.b3 Qa5 11.Rb1 exd4 12.Nxd4 Qh5 13.e4 Nc5 14.f3 Ne6 15.Nxe6 Bxe6 16.Qf2
Qa5 17.Qd2 Rad8 18.Bb2 d5 19.cxd5 cxd5 20.Nxd5 Qxd2 21.Rxd2 Bxd5 22.Bxf6 Bxe4
23.Rbd1 Bxf6 24.Rxd8 Rxd8 25.Rxd8+ Bxd8 26.fxe4

[Event "2. Bundesliga Mitte 2009/2010"]
[Site "Villach"]
[Date "2009.11.22"]
[Round "4"]
[Board "3"]
[White "Ebner, Hubert"]
[Black "Grunberg, Mihai-Lucian"]
[Result "1/2-1/2"]
[WhiteElo "2194"]
[BlackElo "2401"]
[PlyCount "80"]
[EventDate "2009.10.10"]
[EventType "team"]
[EventRounds "11"]
[EventCountry "AUT"]
[WhiteTeam "ESV Austria Graz"]
[BlackTeam "Strassenbahn Graz"]

1.d4 f5 2.g3 Nf6 3.Bg2 c6 4.c4 d6 5.Nf3 g6 6.Nc3 Bg7 7.O-O O-O 8.Rb1 Ne4 9.Nxe4
fxe4 10.Nd2 d5 11.e3 a5 12.b3 Bf5 13.a3 e5 14.dxe5 Nd7 15.Bb2 Bxe5 16.cxd5 Bxb2
17.dxc6 Bxa3 18.cxd7 Rf7 19.Nxe4 Rxd7 20.Qe2 Rc8 21.Rbd1 Rxd1 22.Rxd1 Qe7 23.Qd3
Re8 24.Qc4+ Be6 25.Qb5 Rf8 26.Qxa5 Bxb3 27.Rd3 Bb4 28.Qb5 Be6 29.Rd4 Ba3 30.h4
h6 31.Rd3 Kh7 32.Qe5 Rf5 33.Qb8 b5 34.Nd6 Rf8 35.Qb6 b4 36.Nb5 Bc4 37.Rd4 Rf6
38.Qb8 Rf8 39.Qb6 Rf6 40.Qb8 Rf8

[Event "2. Bundesliga Mitte 2009/2010"]
[Site "Villach"]
[Date "2009.11.22"]
[Round "4"]
[Board "4"]
[White "Pesorda, Ivan"]
[Black "Zechner, Gernot"]
[Result "1-0"]
[WhiteElo "2256"]
[BlackElo "2207"]
[PlyCount "75"]
[EventDate "2009.10.10"]
[EventType "team"]
[EventRounds "11"]
[EventCountry "AUT"]
[WhiteTeam "Strassenbahn Graz"]
[BlackTeam "ESV Austria Graz"]

1.d4 d5 2.c4 c6 3.Nf3 e6 4.e3 Nf6 5.Nc3 Nbd7 6.Qc2 Bd6 7.Bd3 O-O 8.O-O Qe7 9.e4
dxc4 10.Bxc4 e5 11.Kh1 exd4 12.Nxd4 Qe5 13.Nf3 Qh5 14.Qd2 Bb4 15.Qf4 Re8 16.Re1
Qc5 17.Bb3 Nf8 18.Be3 Qa5 19.Bd4 Ng6 20.Qg5 Ng4 21.h3 c5 22.a3 cxd4 23.axb4
Nxf2+ 24.Kg1 Qxb4 25.Qb5 Qxb5 26.Nxb5 Nd3 27.Red1 Nc5 28.Bd5 Re7 29.Rxa7 Rxa7
30.Nxa7 Bd7 31.Rxd4 Nf4 32.Rc4 b6 33.b4 Nce6 34.Nc8 Re8 35.Nxb6 Bb5 36.Bc6 Bxc4
37.Bxe8 Nd3 38.Nxc4

[Event "2. Bundesliga Mitte 2009/2010"]
[Site "Villach"]
[Date "2009.11.22"]
[Round "4"]
[Board "5"]
[White "Pfaffel, Thomas"]
[Black "Krebs, Johann"]
[Result "1/2-1/2"]
[WhiteElo "2158"]
[BlackElo "2218"]
[PlyCount "87"]
[EventDate "2009.10.10"]
[EventType "team"]
[EventRounds "11"]
[EventCountry "AUT"]
[WhiteTeam "ESV Austria Graz"]
[BlackTeam "Strassenbahn Graz"]

1.Nf3 c5 2.b3 Nf6 3.Bb2 g6 4.c4 Bg7 5.g3 O-O 6.Bg2 Nc6 7.O-O a6 8.d4 d6 9.Nbd2
Nd7 10.Ne4 Rb8 11.Qd2 cxd4 12.Nxd4 Nde5 13.e3 Bd7 14.h3 b5 15.cxb5 axb5 16.Kh2
b4 17.Rfc1 Rc8 18.f4 Nxd4 19.fxe5 Nf5 20.exd6 Bc6 21.Bxg7 Kxg7 22.Qb2+ f6 23.Qd2
Bxe4 24.Rxc8 Qxc8 25.dxe7 Re8 26.Bxe4 Rxe7 27.Qxb4 Rc7 28.Bxf5 Qxf5 29.Qf4 Rc2+
30.Kg1 Qxh3 31.Qf3 Qh2+ 32.Kf1 Rc5 33.e4 Qb2 34.Rd1 Rc3 35.Qf2 Rc2 36.Qa7+ Kh6
37.Qe3+ g5 38.Qf3 Kg7 39.Qf5 Rc7 40.Rd7+ Rxd7 41.Qxd7+ Kh6 42.Qh3+ Kg7 43.Qd7+
Kh6 44.Qh3+

[Event "2. Bundesliga Mitte 2009/2010"]
[Site "Villach"]
[Date "2009.11.22"]
[Round "4"]
[Board "6"]
[White "Steiner, Stefan"]
[Black "Aschenbrenner, Robert"]
[Result "1-0"]
[WhiteElo "2230"]
[BlackElo "2262"]
[PlyCount "73"]
[EventDate "2009.10.10"]
[EventType "team"]
[EventRounds "11"]
[EventCountry "AUT"]
[WhiteTeam "Strassenbahn Graz"]
[BlackTeam "ESV Austria Graz"]

1.c4 c5 2.g3 Nc6 3.Bg2 g6 4.Nc3 Bg7 5.e3 Nh6 6.d3 Nf5 7.Nge2 O-O 8.O-O a6 9.Bd2
d6 10.Rb1 Bd7 11.a3 Rb8 12.b4 cxb4 13.axb4 Ne5 14.Qc2 b5 15.c5 dxc5 16.bxc5 Bc6
17.Bxc6 Nxc6 18.d4 Qc8 19.Rfd1 Rd8 20.Be1 Bh6 21.Qe4 e6 22.Qf3 Bg7 23.Ne4 h5
24.h3 Nce7 25.Ba5 Rf8 26.g4 hxg4 27.hxg4 Nh6 28.g5 Nhf5 29.Nf6+ Bxf6 30.gxf6 Nc6
31.Bc3 b4 32.Ba1 Kh7 33.e4 Nh6 34.Kg2 Rh8 35.Rh1 Kg8 36.Qe3 Qf8 37.Rh4

[Event "2. Bundesliga Mitte 2009/2010"]
[Site "Villach"]
[Date "2009.11.22"]
[Round "4"]
[Board "1"]
[White "Horvath, Adam"]
[Black "Bosiocic, Marin"]
[Result "1/2-1/2"]
[WhiteElo "2501"]
[BlackElo "2577"]
[PlyCount "44"]
[EventDate "2009.10.10"]
[EventType "team"]
[EventRounds "11"]
[EventCountry "AUT"]
[WhiteTeam "RbEJ Gleisdorf"]
[BlackTeam "SV Signum Siebdruck St. Veit/Glan"]

1.e4 e5 2.Nf3 Nc6 3.Bb5 a6 4.Ba4 Nf6 5.O-O Be7 6.Bxc6 dxc6 7.Qe2 Nd7 8.b3 O-O
9.Bb2 Bf6 10.Qe3 Re8 11.d4 exd4 12.Bxd4 Nf8 13.h3 Ne6 14.Bxf6 Qxf6 15.Nc3 Nf4
16.Rad1 Bxh3 17.e5 Qh6 18.Ne1 Bxg2 19.Nxg2 Nh3+ 20.Kh1 Nf4+ 21.Kg1 Nh3+ 22.Kh1
Nf4+

[Event "2. Bundesliga Mitte 2009/2010"]
[Site "Villach"]
[Date "2009.11.22"]
[Round "4"]
[Board "2"]
[White "Rogic, Davor"]
[Black "Horvath, Tamas"]
[Result "1-0"]
[WhiteElo "2559"]
[BlackElo "2424"]
[PlyCount "65"]
[EventDate "2009.10.10"]
[EventType "team"]
[EventRounds "11"]
[EventCountry "AUT"]
[WhiteTeam "SV Signum Siebdruck St. Veit/Glan"]
[BlackTeam "RbEJ Gleisdorf"]

1.e4 c5 2.Nf3 e6 3.d4 cxd4 4.Nxd4 Nf6 5.Nc3 Nc6 6.Ndb5 d6 7.Bf4 e5 8.Bg5 a6
9.Na3 b5 10.Nd5 Be7 11.Bxf6 Bxf6 12.c4 b4 13.Nc2 Rb8 14.g3 Bg5 15.Bg2 O-O 16.O-O
Qa5 17.Qd3 Qc5 18.Kh1 Be6 19.b3 a5 20.Rad1 Kh8 21.f4 Bd8 22.Nde3 Bc7 23.f5 Bc8
24.f6 g6 25.Nd5 Bd8 26.Qd2 Be6 27.Qg5 Qa7 28.g4 Qd7 29.Rd3 Bxg4 30.Bh3 Bxh3
31.Qh6 Bg2+ 32.Kxg2 Rg8 33.Rh3

[Event "2. Bundesliga Mitte 2009/2010"]
[Site "Villach"]
[Date "2009.11.22"]
[Round "4"]
[Board "3"]
[White "Meszaros, Tamas"]
[Black "Neubauer, Martin"]
[Result "1/2-1/2"]
[WhiteElo "2426"]
[BlackElo "2465"]
[PlyCount "60"]
[EventDate "2009.10.10"]
[EventType "team"]
[EventRounds "11"]
[EventCountry "AUT"]
[WhiteTeam "RbEJ Gleisdorf"]
[BlackTeam "SV Signum Siebdruck St. Veit/Glan"]

1.e4 c5 2.Nf3 d6 3.d4 cxd4 4.Nxd4 Nf6 5.Nc3 g6 6.Be3 Bg7 7.f3 O-O 8.Qd2 Nc6 9.g4
Be6 10.O-O-O Nxd4 11.Bxd4 Qa5 12.a3 Rab8 13.h4 b5 14.Nd5 Qxd2+ 15.Rxd2 Bxd5
16.Bxf6 Bxf6 17.Rxd5 b4 18.axb4 Rxb4 19.c3 Ra4 20.Kc2 Ra1 21.Rd1 Rxd1 22.Kxd1
Rc8 23.Kc2 h5 24.gxh5 gxh5 25.f4 Kh7 26.Be2 Rc5 27.Rh3 a5 28.Kb3 Kh6 29.Ka4 e6
30.Bb5 Bd8

[Event "2. Bundesliga Mitte 2009/2010"]
[Site "Villach"]
[Date "2009.11.22"]
[Round "4"]
[Board "4"]
[White "Jurkovic, Hrvoje"]
[Black "Sandhu, Mario"]
[Result "1/2-1/2"]
[WhiteElo "2423"]
[BlackElo "2316"]
[PlyCount "59"]
[EventDate "2009.10.10"]
[EventType "team"]
[EventRounds "11"]
[EventCountry "AUT"]
[WhiteTeam "SV Signum Siebdruck St. Veit/Glan"]
[BlackTeam "RbEJ Gleisdorf"]

1.Nf3 Nf6 2.b3 d5 3.Bb2 c6 4.e3 Bg4 5.Be2 Nbd7 6.O-O e6 7.c4 Bd6 8.d4 Qc7 9.Nbd2
O-O 10.h3 Bh5 11.Qc2 a5 12.Bd3 Bg6 13.e4 dxe4 14.Nxe4 Nxe4 15.Bxe4 Be7 16.Rfd1
Rfd8 17.a4 Bf6 18.Rd2 c5 19.Bxg6 hxg6 20.d5 exd5 21.Rxd5 Bxb2 22.Qxb2 Nf6
23.Rxd8+ Rxd8 24.Re1 Kf8 25.Qc3 b6 26.Qe3 Re8 27.Qd3 Rd8 28.Qe3 Re8 29.Qd3 Rd8
30.Qe3

[Event "2. Bundesliga Mitte 2009/2010"]
[Site "Villach"]
[Date "2009.11.22"]
[Round "4"]
[Board "5"]
[White "Wanderer, Thomas"]
[Black "Kaspret, Guido"]
[Result "0-1"]
[WhiteElo "2220"]
[BlackElo "2310"]
[PlyCount "142"]
[EventDate "2009.10.10"]
[EventType "team"]
[EventRounds "11"]
[EventCountry "AUT"]
[WhiteTeam "RbEJ Gleisdorf"]
[BlackTeam "SV Signum Siebdruck St. Veit/Glan"]

1.e4 c5 2.Nc3 Nc6 3.g3 h5 4.Bg2 g6 5.d3 d6 6.Be3 Bg7 7.h3 Bd7 8.Qd2 Qa5 9.f4 Nd4
10.Nf3 Nb5 11.Nxb5 Qxd2+ 12.Bxd2 Bxb5 13.c4 Bc6 14.Bc3 Nf6 15.O-O O-O 16.Rae1 e6
17.e5 dxe5 18.Nxe5 Bxg2 19.Kxg2 Rfd8 20.Re3 Nd7 21.Kf3 Nxe5+ 22.Bxe5 Bxe5
23.fxe5 Rd4 24.Ke2 Rad8 25.a3 R8d7 26.Rb1 b5 27.Rc1 bxc4 28.Rxc4 Rxc4 29.dxc4
Rd4 30.b3 a5 31.Rd3 Re4+ 32.Kf3 Rxe5 33.Rd8+ Kg7 34.Ra8 Re1 35.Rxa5 Rb1 36.Rb5
f5 37.a4 g5 38.a5 Kf6 39.a6 Ra1 40.Rxc5 Rxa6 41.Rb5 Ra2 42.b4 g4+ 43.hxg4 hxg4+
44.Ke3 Rg2 45.c5 Rxg3+ 46.Kd2 Rh3 47.Rb8 Rh7 48.b5 Ke5 49.c6 Kd6 50.Rd8+ Kc5
51.Rd7 Rh8 52.c7 Rc8 53.Ke3 Kxb5 54.Re7 Kc4 55.Rxe6 Rxc7 56.Rg6 Rc5 57.Rd6 Re5+
58.Kf4 Rd5 59.Rc6+ Kd3 60.Re6 Kd2 61.Re8 Kd3 62.Re3+ Kd2 63.Re8 Kd1 64.Re3 Rc5
65.Re8 Rc2 66.Kg3 Rc3+ 67.Kg2 Rf3 68.Re5 Kd2 69.Re8 Kd3 70.Re7 Re3 71.Ra7 Ke4

[Event "2. Bundesliga Mitte 2009/2010"]
[Site "Villach"]
[Date "2009.11.22"]
[Round "4"]
[Board "6"]
[White "Hebesberger, Thomas"]
[Black "Frosch, Ronald"]
[Result "1-0"]
[WhiteElo "2330"]
[BlackElo "2237"]
[PlyCount "93"]
[EventDate "2009.10.10"]
[EventType "team"]
[EventRounds "11"]
[EventCountry "AUT"]
[WhiteTeam "SV Signum Siebdruck St. Veit/Glan"]
[BlackTeam "RbEJ Gleisdorf"]

1.c4 Nf6 2.Nc3 e5 3.g3 Be7 4.Bg2 O-O 5.Nf3 d6 6.d4 exd4 7.Nxd4 c6 8.h3 Qc7 9.O-O
Nbd7 10.Nf5 Ne5 11.Nxe7+ Qxe7 12.b3 Rd8 13.Ba3 Ne8 14.Qd4 f5 15.Rad1 Nf7 16.Rfe1
Qg5 17.Kh2 Qh5 18.Bc1 Nc7 19.f4 Ne6 20.Qf2 Nh6 21.Qf3 Qxf3 22.Bxf3 Nf7 23.g4
fxg4 24.hxg4 Nc5 25.Kg3 Bd7 26.Ba3 Be8 27.Rd2 Rab8 28.Red1 b5 29.cxb5 cxb5
30.Bb4 Rdc8 31.Ne4 Nxe4+ 32.Bxe4 Bc6 33.Bf5 Re8 34.Bxd6 Re3+ 35.Kf2 Rbe8 36.Bc5
Rh3 37.e3 Nh6 38.Rd8 Nxf5 39.Rxe8+ Bxe8 40.gxf5 Rh2+ 41.Kg3 Rxa2 42.Rd8 Kf7
43.e4 g6 44.e5 Bc6 45.Rc8 Bd7 46.Rc7 Ke8 47.e6

[Event "2. Bundesliga Mitte 2009/2010"]
[Site "Villach"]
[Date "2009.11.22"]
[Round "4"]
[Board "1"]
[White "Genser, Harald"]
[Black "Weiss, Christian"]
[Result "0-1"]
[WhiteElo "2272"]
[BlackElo "2421"]
[PlyCount "74"]
[EventDate "2009.10.10"]
[EventType "team"]
[EventRounds "11"]
[EventCountry "AUT"]
[WhiteTeam "SC Die Klagenfurter"]
[BlackTeam "Union Ansfelden"]

1.d4 Nf6 2.c4 c5 3.d5 b5 4.cxb5 a6 5.bxa6 Bxa6 6.Nc3 d6 7.Nf3 g6 8.g3 Bg7 9.Bg2
O-O 10.O-O Nbd7 11.Rb1 Qa5 12.Bd2 Rfb8 13.Qc2 Ne8 14.b3 Nc7 15.a4 Qb6 16.Rfd1
Bb7 17.e4 e6 18.dxe6 Nxe6 19.Nd5 Bxd5 20.exd5 Nd4 21.Nxd4 Bxd4 22.Be1 Re8 23.b4
Qa7 24.a5 cxb4 25.Bxb4 Rac8 26.Qd2 Bc5 27.Bxc5 Rxc5 28.Re1 Ne5 29.Ra1 Rec8 30.a6
Rc3 31.h3 Rxg3 32.Kh2 Rd3 33.Qf4 Nf3+ 34.Qxf3 Rxf3 35.Bxf3 Qxf2+ 36.Bg2 Rc2
37.Rg1 Ra2

[Event "2. Bundesliga Mitte 2009/2010"]
[Site "Villach"]
[Date "2009.11.22"]
[Round "4"]
[Board "2"]
[White "Knoll, Hermann"]
[Black "Petschar, Kurt"]
[Result "0-1"]
[WhiteElo "2384"]
[BlackElo "2266"]
[PlyCount "132"]
[EventDate "2009.10.10"]
[EventType "team"]
[EventRounds "11"]
[EventCountry "AUT"]
[WhiteTeam "Union Ansfelden"]
[BlackTeam "SC Die Klagenfurter"]

1.d4 Nf6 2.c4 c6 3.Nc3 d5 4.Nf3 e6 5.e3 Nbd7 6.Qc2 Bd6 7.Be2 O-O 8.O-O Re8 9.Rd1
Qe7 10.h3 h6 11.a3 dxc4 12.Bxc4 e5 13.Nh4 Nf8 14.Nf5 Bxf5 15.Qxf5 exd4 16.exd4
Bc7 17.g3 Rad8 18.Qf3 N8d7 19.Bf1 Nb6 20.b4 Nbd5 21.b5 Nxc3 22.Qxc3 c5 23.Qf3
Qe4 24.Qxe4 Nxe4 25.Bb2 Bb6 26.d5 c4 27.Bd4 c3 28.Bxb6 axb6 29.Bg2 Nd6 30.Rac1
Rc8 31.Rd3 c2 32.Rd2 Rc3 33.Rcxc2 Rxa3 34.Rc7 Ra1+ 35.Kh2 Raa8 36.h4 Rac8
37.Rdc2 Kf8 38.Bh3 Rxc7 39.Rxc7 Re7 40.Rc2 Re5 41.Bg2 Ke8 42.Ra2 Kd7 43.f4 Re3
44.h5 Kc7 45.Rc2+ Kd8 46.Ra2 Rc3 47.Bh3 Rc5 48.Ra8+ Ke7 49.Bg2 Rc8 50.Ra2 Nxb5
51.Rb2 Rc5 52.Bf1 Nd6 53.Rxb6 Rxd5 54.Bg2 Rd2 55.Kh3 Kd7 56.Rb3 b5 57.Ra3 b4
58.Ra7+ Ke6 59.Ra6 b3 60.Rb6 b2 61.Bf1 Kd5 62.Ba6 Kc5 63.Rb8 Kd4 64.Rb3 Ne4
65.Bc8 Nf2+ 66.Kh4 Rd1

[Event "2. Bundesliga Mitte 2009/2010"]
[Site "Villach"]
[Date "2009.11.22"]
[Round "4"]
[Board "3"]
[White "Titz, Heimo"]
[Black "Felsberger, Alfred"]
[Result "0-1"]
[WhiteElo "2242"]
[BlackElo "2368"]
[PlyCount "56"]
[EventDate "2009.10.10"]
[EventType "team"]
[EventRounds "11"]
[EventCountry "AUT"]
[WhiteTeam "SC Die Klagenfurter"]
[BlackTeam "Union Ansfelden"]

1.c4 e6 2.Nf3 Nf6 3.g3 d5 4.b3 c5 5.Bg2 Nc6 6.O-O Be7 7.e3 O-O 8.Bb2 b6 9.d4 Ba6
10.Nbd2 Rc8 11.dxc5 Bxc5 12.Ne5 Nxe5 13.Bxe5 Bb4 14.Rc1 Nd7 15.Bd4 Nc5 16.Qg4 g6
17.Rfd1 Nd3 18.Rc2 e5 19.Ba1 f5 20.Qe2 e4 21.Bd4 Qe7 22.a4 Rfd8 23.f4 Bc5 24.Rc3
Nb4 25.Bf1 Nc6 26.Qf2 Nxd4 27.exd4 Bb4 28.Rc2 e3

[Event "2. Bundesliga Mitte 2009/2010"]
[Site "Villach"]
[Date "2009.11.22"]
[Round "4"]
[Board "4"]
[White "Ennsberger, Ulrich"]
[Black "Wertjanz, David"]
[Result "1/2-1/2"]
[WhiteElo "2347"]
[BlackElo "2126"]
[PlyCount "68"]
[EventDate "2009.10.10"]
[EventType "team"]
[EventRounds "11"]
[EventCountry "AUT"]
[WhiteTeam "Union Ansfelden"]
[BlackTeam "SC Die Klagenfurter"]

1.d4 Nf6 2.Bg5 e6 3.e4 h6 4.Bxf6 Qxf6 5.Nc3 d6 6.Qd2 g5 7.O-O-O Bg7 8.h4 Nc6
9.Bb5 Bd7 10.e5 dxe5 11.d5 Nd4 12.Bxd7+ Kxd7 13.Nf3 Rad8 14.Ne4 Qg6 15.Nc5+ Kc8
16.Nxd4 exd4 17.Qa5 Bf8 18.dxe6 Bxc5 19.Qxc5 b6 20.Qa3 Qxe6 21.Qxa7 Qc6 22.hxg5
hxg5 23.Rxh8 Rxh8 24.Rxd4 Qxg2 25.b4 Qb7 26.Qa3 Qh1+ 27.Kb2 Kb7 28.Qe3 Rh4
29.Rxh4 gxh4 30.f3 h3 31.Qe4+ Kb8 32.Qe8+ Kb7 33.Qe4+ Kb8 34.Qe8+ Kb7

[Event "2. Bundesliga Mitte 2009/2010"]
[Site "Villach"]
[Date "2009.11.22"]
[Round "4"]
[Board "5"]
[White "Saxer, Bernhard"]
[Black "Moser, Guenter"]
[Result "0-1"]
[WhiteElo "1972"]
[BlackElo "2327"]
[PlyCount "78"]
[EventDate "2009.10.10"]
[EventType "team"]
[EventRounds "11"]
[EventCountry "AUT"]
[WhiteTeam "SC Die Klagenfurter"]
[BlackTeam "Union Ansfelden"]

1.e4 c6 2.Nf3 g6 3.d4 Bg7 4.c3 d6 5.Bd3 Nf6 6.Bg5 Qb6 7.Qb3 Be6 8.Qc2 O-O 9.Na3
Bg4 10.Nc4 Qc7 11.Ncd2 e5 12.Be3 exd4 13.Bxd4 Re8 14.O-O-O Nbd7 15.h3 Bxf3
16.Nxf3 Re7 17.g4 Rae8 18.Rhe1 a6 19.Kb1 b5 20.Nd2 d5 21.f3 c5 22.Bf2 c4 23.Bf1
dxe4 24.fxe4 Bh6 25.Bh4 Bf4 26.g5 Nh5 27.Bg2 Nc5 28.Bf3 Ng7 29.Rg1 Nge6 30.Rg2
Nd3 31.Nf1 Qe5 32.Bg3 Nxg5 33.Bxf4 Nxf4 34.Rg3 Nxf3 35.Rxf3 Qxe4 36.Qxe4 Rxe4
37.Nd2 Re1 38.Kc2 Nd3 39.Rxe1 Nxe1+

[Event "2. Bundesliga Mitte 2009/2010"]
[Site "Villach"]
[Date "2009.11.22"]
[Round "4"]
[Board "6"]
[White "Hellmayr, Alois"]
[Black "Morze, Gert"]
[Result "1-0"]
[WhiteElo "2269"]
[BlackElo "1999"]
[PlyCount "65"]
[EventDate "2009.10.10"]
[EventType "team"]
[EventRounds "11"]
[EventCountry "AUT"]
[WhiteTeam "Union Ansfelden"]
[BlackTeam "SC Die Klagenfurter"]

1.Nf3 Nf6 2.g3 g6 3.b4 Bg7 4.Bb2 O-O 5.Bg2 d6 6.c4 Nbd7 7.O-O e5 8.d3 Re8 9.Nfd2
c6 10.Nc3 Nf8 11.b5 d5 12.Rb1 Be6 13.bxc6 bxc6 14.Qa4 Qc7 15.cxd5 Nxd5 16.Rfc1
Qd7 17.Nce4 Nb6 18.Qa5 Bd5 19.Nc5 Qe7 20.Rc2 f5 21.e4 fxe4 22.dxe4 Bf7 23.Rbc1
Bh6 24.Bf1 Rad8 25.Nd3 Nfd7 26.Rxc6 Qg5 27.R1c2 Rc8 28.Nf3 Qg4 29.Nfxe5 Nxe5
30.Nxe5 Qxe4 31.Rxc8 Rxc8 32.Rxc8+ Nxc8 33.Qd8+